[Event "WYCC U14 Girls 2019"]
[Site "Mumbai"]
[Date "2019.10.09"]
[Round "8.1"]
[White "Rakshitta Ravi"]
[Black "Nasyrova, Ekaterina"]
[Result "1/2-1/2"]
[WhiteElo "2310"]
[BlackElo "2137"]
[Annotator "ChessBase"]
[PlyCount "59"]
[EventDate "2019.10.02"]
[EventType "swiss"]
[EventCountry "IND"]
[SourceTitle "playchess.com"]
[Source "ChessBase"]
[SourceQuality "1"]
[TimeControl "40/5400+30:1800+30"]

1. e4 {[%emt 0:00:06]} e5 {[%emt 0:00:00]} 2. Nf3 {[%emt 0:00:05]} Nc6 {[%emt 0:00:00]} 3. Bb5 {[%emt 0:00:16]} Nf6 {[%emt 0:00:00]} 4. O-O {[%emt 0:00:22]} Nxe4 {[%emt 0:00:04]} 5. d4 {[%emt 0:00:13]} Nd6 {[%emt 0:00:07]} 6. dxe5 {[%emt 0:00:10]} Nxb5 {[%emt 0:00:06]} 7. a4 {[%emt 0:00:05]} d6 {[%emt 0:00:08]} 8. e6 {[%emt 0:00:22]} Bxe6 {[%emt 0:00:19]} 9. axb5 {[%emt 0:00:06]} Ne5 {[%emt 0:00:13]} 10. Nd4 {[%emt 0:00:25]} Be7 {[%emt 0:02:21]} 11. f4 {[%emt 0:00:15]} Nc4 {[%emt 0:10:50]} 12. Nc3 {[%emt 0:05:06]} Nb6 {[%emt 0:08:48]} 13. Nxe6 {[%emt 0:06:40]} fxe6 {[%emt 0:00:39]} 14. Qg4 {[%emt 0:01:02]} Qd7 {[%emt 0:21:44]} 15. Qxg7 {[%emt 0:07:59]} O-O-O {[%emt 0:00:29]} 16. Rxa7 {[%emt 0:01:29]} Kb8 {[%emt 0:05:03]} 17. Ra2 {[%emt 0:05:53]} d5 {[%emt 0:02:56]} 18. Qd4 {[%emt 0:07:26]} Rhf8 {[%emt 0:02:51]} 19. Be3 {[%emt 0:17:20]} Bf6 {[%emt 0:20:06]} 20. Qb4 {[%emt 0:01:06]} Qg7 {[%emt 0:02:36]} 21. Rfa1 {[%emt 0:18:29]} Rg8 {[%emt 0:04:52]} 22. g3 {[%emt 0:00:45]} Kc8 {[%emt 0:04:16]} 23. Ra7 {[%emt 0:13:33]} d4 {[%emt 0:06:28]} 24. Ne4 {[%emt 0:05:19]} Be7 {[%emt 0:00:15]} 25. Qb3 {[%emt 0:00:18]} dxe3 {[%emt 0:05:42]} 26. Qxe6+ {[%emt 0:02:11]} Kb8 {[%emt 0:00:05]} 27. Qa2 {[%emt 0:00:50]} Kc8 {[%emt 0:00:33]} 28. Qe6+ {[%emt 0:01:54]} Kb8 {[%emt 0:00:05]} 29. Qa2 {[%emt 0:01:17]} Kc8 {[%emt 0:00:06]} 30. Qe6+ {[%emt 0:00:42]} 1/2-1/2

[Event "WYCC U14 Girls 2019"]
[Site "Mumbai"]
[Date "2019.10.09"]
[Round "8.2"]
[White "Hakobyan, Astghik"]
[Black "Roebers, Eline"]
[Result "1/2-1/2"]
[WhiteElo "1978"]
[BlackElo "2083"]
[Annotator "NA"]
[PlyCount "69"]
[EventDate "2019.10.02"]
[EventType "swiss"]
[EventCountry "IND"]
[SourceTitle "playchess.com"]
[Source "ChessBase"]
[SourceQuality "1"]
[TimeControl "40/5400+30:1800+30"]

1. e4 {[%emt 0:00:00]} c5 {[%emt 0:00:00]} 2. Nf3 {[%emt 0:00:00]} e6 {[%emt 0:00:00]} 3. d4 {[%emt 0:00:00]} cxd4 {[%emt 0:00:00]} 4. Nxd4 {[%emt 0:00:00]} Nc6 {[%emt 0:00:00]} 5. Nc3 {[%emt 0:00:21]} Qc7 {[%emt 0:00:00]} 6. Be3 {[%emt 0:00:11]} a6 {[%emt 0:00:06]} ({Predecessor:} 6... Nf6 7. Qd2 {0-1 (46) Mischuk,D (2361)-Simantsev,M (2465) Cheliabinsk 2016}) 7. Qd2 {[%emt 0:00:10]} Nf6 {[%emt 0:00:29]} 8. O-O-O {[%emt 0:00:11]} Be7 {[%emt 0:00:29] B48: Sicilian: Taimanov: 5 Nc3 Qc7 6 Be3 a6 without Be2} 9. f3 {[%emt 0:00:44]} b5 {[%emt 0:00:25]} 10. g4 {[%emt 0:02:49]} Nxd4 {[%emt 0:00:31]} 11. Bxd4 {[%emt 0:00:34]} Bb7 {[%emt 0:00:07]} 12. g5 $146 {[%emt 0:00:34]} (12. Kb1 O-O 13. Rg1 Rac8 14. h4 Rfd8 15. Bh3 Ne8 16. g5 {½-½ (30) Dominguez Perez,L (2739)-Shankland,S (2731) Saint Louis 2019}) 12... Nh5 {[%emt 0:00:07]} 13. Be5 {[%emt 0:00:52]} Qxe5 {[%emt 0:00:17]} 14. Qxd7+ {[%emt 0:00:02]} Kf8 {[%emt 0:00:06]} 15. Qxb7 {[%emt 0:00:09]} Qb8 {[%emt 0:00:22]} 16. Rd7 {[%emt 0:07:44]} Qxb7 {[%emt 0:00:05]} 17. Rxb7 {[%emt 0:00:03]} h6 {[%emt 0:02:01]} 18. a4 {[%emt 0:06:24]} hxg5 {[%emt 0:18:03]} 19. axb5 {[%emt 0:16:00]} axb5 {[%emt 0:11:46]} 20. Bxb5 {[%emt 0:11:26]} Bd6 {[%emt 0:45:37]} 21. Kb1 {[%emt 0:03:34]} Rb8 {[%emt 0:03:10]} 22. Rd7 $19 {[%emt 0:12:54]} (22. Rxb8+ $14 {keeps the upper hand.} Bxb8 23. h4) 22... Be5 {[%emt 0:01:29]} 23. Rhd1 {[%emt 0:03:49]} Nf6 {[%emt 0:03:06]} 24. Rd8+ {[%emt 0:02:21]} Ke7 {[%emt 0:00:05]} 25. Rxh8 {[%emt 0:00:58]} Rxh8 {[%emt 0:00:04]} 26. Na4 {[%emt 0:06:07]} Bxh2 {[%emt 0:03:30]} 27. c4 {[%emt 0:03:56]} Rd8 {[%emt 0:04:23]} 28. Rxd8 {[%emt 0:02:38]} Kxd8 {[%emt 0:00:04]} 29. c5 {[%emt 0:02:09]} g4 {[%emt 0:02:00]} 30. fxg4 {[%emt 0:00:10]} Nxe4 {[%emt 0:03:06]} 31. b4 {[%emt 0:01:53]} Bg3 {[%emt 0:02:57]} 32. Bc6 {[%emt 0:01:48]} f5 {[%emt 0:00:37]} 33. gxf5 {[%emt 0:01:26]} exf5 {[%emt 0:00:05]} 34. Bxe4 {[%emt 0:01:56]} fxe4 {[%emt 0:00:04]} 35. Nc3 {[%emt 0:00:13]} 1/2-1/2

[Event "WYCC U14 Girls 2019"]
[Site "Mumbai"]
[Date "2019.10.09"]
[Round "8.3"]
[White "Velpula Sarayu"]
[Black "Divya Deshmukh"]
[Result "1-0"]
[WhiteElo "1717"]
[BlackElo "2358"]
[Annotator "ChessBase"]
[PlyCount "119"]
[EventDate "2019.10.02"]
[EventType "swiss"]
[EventCountry "IND"]
[SourceTitle "playchess.com"]
[Source "ChessBase"]
[SourceQuality "1"]
[TimeControl "40/5400+30:1800+30"]

1. d4 {[%emt 0:00:00]} Nf6 {[%emt 0:00:00]} 2. Nf3 {[%emt 0:00:35]} g6 {[%emt 0:00:00]} 3. Bf4 {[%emt 0:00:42]} Bg7 {[%emt 0:00:00]} 4. c3 {[%emt 0:01:16]} b6 {[%emt 0:00:00]} 5. e3 {[%emt 0:01:57]} d6 {[%emt 0:00:11]} 6. h3 {[%emt 0:01:13]} Bb7 {[%emt 0:00:17]} 7. Nbd2 {[%emt 0:01:10]} Nbd7 {[%emt 0:00:07]} 8. Bc4 {[%emt 0:02:19]} O-O {[%emt 0:00:29]} 9. O-O {[%emt 0:00:54]} c5 {[%emt 0:00:12]} 10. Bh2 {[%emt 0:04:51]} Qe8 {[%emt 0:19:21]} 11. Qe2 {[%emt 0:10:23]} e5 {[%emt 0:20:52]} 12. dxe5 {[%emt 0:07:49]} Nxe5 {[%emt 0:11:17]} 13. Nxe5 {[%emt 0:03:10]} dxe5 {[%emt 0:00:05]} 14. Bb5 {[%emt 0:01:38]} Qe7 {[%emt 0:01:31]} 15. Ba6 {[%emt 0:00:32]} Bc6 {[%emt 0:06:18]} 16. Bb5 {[%emt 0:04:20]} Bb7 {[%emt 0:02:13]} 17. Ba6 {[%emt 0:01:13]} Bxa6 {[%emt 0:00:20]} 18. Qxa6 {[%emt 0:00:08]} Nh5 {[%emt 0:00:25]} 19. a4 {[%emt 0:07:46]} Rab8 {[%emt 0:01:38]} 20. Rad1 {[%emt 0:02:10]} f5 {[%emt 0:02:00]} 21. Rfe1 {[%emt 0:01:28]} g5 {[%emt 0:05:23]} 22. Qe2 {[%emt 0:03:53]} Nf6 {[%emt 0:06:38]} 23. Nc4 {[%emt 0:00:09]} Ne8 {[%emt 0:01:27]} 24. Qd3 {[%emt 0:03:45]} Rf7 {[%emt 0:01:27]} 25. Qd5 {[%emt 0:03:28]} Nc7 {[%emt 0:01:19]} 26. Qc6 {[%emt 0:04:44]} g4 {[%emt 0:14:32]} 27. hxg4 {[%emt 0:05:33]} fxg4 {[%emt 0:00:01]} 28. Qe4 {[%emt 0:00:22]} h5 {[%emt 0:04:32]} 29. Rd2 {[%emt 0:08:13]} Qe6 {[%emt 0:01:21]} 30. Rd6 Qf5 {[%emt 0:00:29]} 31. Qxf5 {[%emt 0:04:02]} Rxf5 {[%emt 0:00:01]} 32. Rd7 {[%emt 0:00:15]} Ne8 {[%emt 0:00:51]} 33. Rxa7 {[%emt 0:01:00]} Bf6 {[%emt 0:00:31]} 34. Ra6 {[%emt 0:01:41]} Bh4 {[%emt 0:00:05]} 35. Re2 {[%emt 0:00:25]} Rd8 {[%emt 0:00:21]} 36. g3 {[%emt 0:04:39]} Rd1+ {[%emt 0:00:36]} 37. Kg2 {[%emt 0:00:06]} Bd8 {[%emt 0:00:00]} 38. e4 {[%emt 0:01:52]} Rg5 {[%emt 0:01:25]} 39. Rd2 {[%emt 0:02:59]} Rxd2 {[%emt 0:00:11]} 40. Nxd2 {[%emt 0:00:02]} Rg7 {[%emt 0:01:03]} 41. Ra8 {[%emt 0:30:22]} Rd7 {[%emt 0:02:55]} 42. Nc4 {[%emt 0:00:00]} Nc7 {[%emt 0:00:45]} 43. Rc8 {[%emt 0:00:00]} Ne6 {[%emt 0:02:53]} 44. Nxb6 {[%emt 0:00:00]} Rd1 {[%emt 0:01:09]} 45. Nc4 {[%emt 0:00:00]} Kg7 {[%emt 0:01:13]} 46. Nxe5 {[%emt 0:00:00]} Ng5 {[%emt 0:02:05]} 47. Nc6 {[%emt 0:00:00]} Bb6 {[%emt 0:01:29]} 48. Ne5 {[%emt 0:00:00]} Nxe4 {[%emt 0:00:51]} 49. Nc4 {[%emt 0:00:00]} Bd8 {[%emt 0:08:01]} 50. a5 {[%emt 0:00:00]} Bxa5 {[%emt 0:04:42]} 51. Nxa5 {[%emt 0:00:00]} Ng5 {[%emt 0:00:03]} 52. Rxc5 {[%emt 0:00:00]} Nf3 {[%emt 0:00:06]} 53. Rxh5 {[%emt 0:00:00]} Kg6 {[%emt 0:00:03]} 54. Rh8 {[%emt 0:00:00]} Kg7 {[%emt 0:00:07]} 55. Rh4 {[%emt 0:00:00]} Ne1+ {[%emt 0:01:33]} 56. Kf1 {[%emt 0:00:14]} Nf3+ {[%emt 0:00:21]} 57. Ke2 {[%emt 0:00:12]} Re1+ {[%emt 0:00:02]} 58. Kd3 {[%emt 0:00:06]} Ne5+ {[%emt 0:00:27]} 59. Kc2 {[%emt 0:00:54]} Re2+ {[%emt 0:00:03]} 60. Kb3 {[%emt 0:00:05]} 1-0

[Event "WYCC U14 Girls 2019"]
[Site "Mumbai"]
[Date "2019.10.09"]
[Round "8.4"]
[White "Allahverdiyeva, Ayan"]
[Black "Ghomi, Parnian"]
[Result "1-0"]
[WhiteElo "2160"]
[BlackElo "1948"]
[Annotator "ChessBase"]
[PlyCount "79"]
[EventDate "2019.10.02"]
[EventType "swiss"]
[EventCountry "IND"]
[SourceTitle "playchess.com"]
[Source "ChessBase"]
[SourceQuality "1"]
[TimeControl "40/5400+30:1800+30"]

1. e4 {[%emt 0:01:08]} e6 {[%emt 0:00:00]} 2. d4 {[%emt 0:00:06]} d5 {[%emt 0:00:00]} 3. Nd2 {[%emt 0:00:05]} Nf6 {[%emt 0:00:00]} 4. Bd3 {[%emt 0:00:38]} c5 {[%emt 0:00:13]} 5. c3 {[%emt 0:00:21]} cxd4 {[%emt 0:03:10]} 6. cxd4 {[%emt 0:03:47]} dxe4 {[%emt 0:00:17]} 7. Nxe4 {[%emt 0:00:20]} Nxe4 {[%emt 0:01:12]} 8. Bxe4 {[%emt 0:00:09]} Bb4+ {[%emt 0:00:05]} 9. Bd2 {[%emt 0:00:19]} Bxd2+ {[%emt 0:00:25]} 10. Qxd2 {[%emt 0:00:05]} O-O {[%emt 0:00:08]} 11. Ne2 {[%emt 0:03:48]} Nd7 {[%emt 0:03:55]} 12. O-O {[%emt 0:01:03]} Nf6 {[%emt 0:00:43]} 13. Bf3 {[%emt 0:00:18]} Qb6 {[%emt 0:09:41]} 14. Rac1 {[%emt 0:00:39]} Rd8 {[%emt 0:04:11]} 15. Rc4 {[%emt 0:19:24]} Rb8 {[%emt 0:12:08]} 16. Qc3 {[%emt 0:08:22]} Bd7 {[%emt 0:10:51]} 17. Rc1 {[%emt 0:01:51]} Bb5 {[%emt 0:01:22]} 18. Rb4 {[%emt 0:02:56]} a5 {[%emt 0:00:43]} 19. Rb3 {[%emt 0:00:13]} Qa6 {[%emt 0:00:08]} 20. Qc7 {[%emt 0:01:14]} b6 {[%emt 0:20:17]} 21. Qe5 {[%emt 0:00:59]} Bc4 {[%emt 0:02:50]} 22. Rbc3 {[%emt 0:00:04]} Bd5 {[%emt 0:00:52]} 23. Rb3 {[%emt 0:00:27]} Bc4 {[%emt 0:00:08]} 24. Rbc3 {[%emt 0:00:33]} Bd5 25. Nf4 {[%emt 0:05:00]} Bxf3 {[%emt 0:01:29]} 26. Rxf3 {[%emt 0:00:03]} Rbc8 {[%emt 0:04:22]} 27. Re1 {[%emt 0:02:06]} Qc4 28. Rc3 {[%emt 0:02:29]} Qa6 {[%emt 0:13:52]} 29. Rg3 {[%emt 0:00:54]} Kh8 {[%emt 0:02:53]} 30. Rxg7 {[%emt 0:05:46]} Kxg7 {[%emt 0:00:27]} 31. Qg5+ {[%emt 0:01:54]} Kf8 {[%emt 0:01:07]} 32. Qxf6 {[%emt 0:00:10]} Rd6 {[%emt 0:05:55]} 33. d5 {[%emt 0:00:22]} Kg8 {[%emt 0:02:05]} 34. Qg5+ {[%emt 0:03:49]} Kf8 {[%emt 0:00:33]} 35. dxe6 {[%emt 0:00:27]} fxe6 {[%emt 0:00:35]} 36. Nxe6+ {[%emt 0:00:10]} Rxe6 {[%emt 0:00:28]} 37. Rxe6 {[%emt 0:00:12]} Qd3 {[%emt 0:00:52]} 38. Rf6+ {[%emt 0:00:14]} Ke8 {[%emt 0:00:07]} 39. Qg8+ {[%emt 0:00:06]} Kd7 {[%emt 0:00:37]} 40. Qg7+ {[%emt 0:00:03]} 1-0

[Event "WYCC U14 Girls 2019"]
[Site "Mumbai"]
[Date "2019.10.09"]
[Round "8.5"]
[White "Mungunzul, Bat-Erdene"]
[Black "Dhyana Patel"]
[Result "1-0"]
[WhiteElo "1912"]
[BlackElo "1995"]
[Annotator "NA"]
[PlyCount "111"]
[EventDate "2019.10.02"]
[EventType "swiss"]
[EventCountry "IND"]
[SourceTitle "playchess.com"]
[Source "ChessBase"]
[SourceQuality "1"]
[TimeControl "40/5400+30:1800+30"]

1. d4 Nf6 2. c4 g6 3. Nc3 d5 4. cxd5 Nxd5 5. e4 Nxc3 6. bxc3 Bg7 7. Bc4 c5 8. Be3 Nc6 9. Ne2 O-O 10. O-O Bg4 11. f3 Bd7 12. Rb1 Qc7 13. Qd2 {D87: Exchange Grünfeld: Classical Line: Variations without ...cxd4} (13. h4 cxd4 14. cxd4 Nxd4 15. Bxf7+ Rxf7 16. Nxd4 Rd8 17. Qb3 Qg3 18. Ne2 Qxh4 19. Bf2 Qf6 20. Rfd1 b6 {½-½ (119) Karjakin,S (2773)-Vachier Lagrave,M (2779) Saint Louis 2018}) 13... Rad8 14. Rfc1 Bc8 15. Bh6 e5 $146 ({Predecessor:} 15... Na5 16. Bb3 e5 17. Bxg7 Kxg7 18. f4 Bg4 19. fxe5 Bxe2 20. Qxe2 cxd4 21. cxd4 {½-½ (32) Naumkin,I (2383)-Doshi,M (2203) Balatonlelle 2018}) 16. d5 Na5 17. Bxg7 Kxg7 18. Bd3 b6 19. Rf1 c4 20. Bc2 f5 21. Rbd1 fxe4 22. Bxe4 Nb7 23. Ng3 Nd6 24. Rfe1 $11 Nf7 25. Qe3 Bd7 26. Qd2 Bc8 27. Qe3 Rd6 28. Rd2 Rfd8 29. Red1 Bb7 30. Ne2 Qe7 31. f4 Kg8 32. fxe5 Qxe5 33. Qd4 Re8 34. Qxe5 Rxe5 35. Rd4 Ng5 36. Ng3 b5 37. h4 Nf7 38. Kf2 Nh6 39. Bf3 Nf5 40. Re4 Rxe4 41. Nxe4 Rd8 42. g3 Nd6 43. Nxd6 Rxd6 44. Ke3 Kf7 45. Kd4 Rf6 46. Bg4 Ke7 47. Kc5 a6 48. Re1+ Kd8 49. d6 h5 50. Bh3 b4 51. Re7 Bf3 52. Rd7+ Ke8 53. Kxb4 Bg4 54. Bxg4 hxg4 55. Re7+ Kd8 56. Kc5 1-0

[Event "WYCC U14 Girls 2019"]
[Site "Mumbai"]
[Date "2019.10.09"]
[Round "8.6"]
[White "Omonova, Umida"]
[Black "Ince, Safiye Oyku"]
[Result "1/2-1/2"]
[WhiteElo "2078"]
[BlackElo "1840"]
[Annotator "NA"]
[PlyCount "87"]
[EventDate "2019.10.02"]
[EventType "swiss"]
[EventCountry "IND"]
[SourceTitle "playchess.com"]
[Source "ChessBase"]
[SourceQuality "1"]
[TimeControl "40/5400+30:1800+30"]

1. e4 {[%emt 0:00:00]} c5 {[%emt 0:00:00]} 2. Nf3 {[%emt 0:00:21]} e6 {[%emt 0:00:00]} 3. d4 {[%emt 0:00:30]} cxd4 {[%emt 0:00:00]} 4. Nxd4 {[%emt 0:00:49]} Nc6 {[%emt 0:00:00]} 5. Nc3 {[%emt 0:01:42]} Qc7 {[%emt 0:00:13]} 6. Be2 {[%emt 0:01:05]} Nf6 {[%emt 0:00:34]} 7. O-O {[%emt 0:00:53]} Be7 {[%emt 0:03:37]} 8. Be3 {[%emt 0:00:45]} O-O {[%emt 0:02:15]} 9. f4 {[%emt 0:02:03]} d6 {[%emt 0:01:59]} 10. Qe1 {[%emt 0:00:57]} Nxd4 {[%emt 0:05:15]} 11. Bxd4 {[%emt 0:01:14]} e5 {[%emt 0:00:13]} 12. fxe5 {[%emt 0:00:51]} dxe5 {[%emt 0:00:07]} 13. Qg3 {[%emt 0:00:46]} Bc5 {[%emt 0:00:17]} 14. Bxc5 {[%emt 0:01:04]} Qxc5+ {[%emt 0:00:19]} 15. Kh1 {[%emt 0:00:12]} Ne8 {[%emt 0:10:53]} 16. Rad1 {[%emt 0:06:23]} Be6 {[%emt 0:00:53]} 17. Bg4 {[%emt 0:01:02]} Nc7 $11 {[%emt 0:08:25]} 18. Bxe6 {[%emt 0:04:28]} fxe6 {[%emt 0:00:15]} 19. Qd3 {[%emt 0:04:21]} b5 {[%emt 0:05:51]} 20. a3 {[%emt 0:09:28]} a5 {[%emt 0:01:00]} 21. Ne2 {[%emt 0:02:54]} b4 {[%emt 0:08:43]} 22. axb4 {[%emt 0:06:28]} axb4 {[%emt 0:01:13]} 23. Ng1 {[%emt 0:00:30]} Nb5 {[%emt 0:04:16]} 24. Nf3 {[%emt 0:01:57]} Nd4 {[%emt 0:10:34]} 25. c3 {[%emt 0:02:45]} Nxf3 {[%emt 0:00:00]} 26. Rxf3 {[%emt 0:00:00]} Rxf3 {[%emt 0:00:00]} 27. Qxf3 {[%emt 0:00:00]} Rf8 {[%emt 0:00:00]} 28. Qd3 {[%emt 0:00:00]} bxc3 {[%emt 0:00:00]} 29. bxc3 {[%emt 0:00:00]} Rc8 {[%emt 0:00:00]} 30. Rf1 {[%emt 0:00:00]} Qc4 {[%emt 0:00:00]} 31. Qf3 {[%emt 0:00:00]} h6 {[%emt 0:00:00]} 32. h3 {[%emt 0:00:00]} Rd8 {[%emt 0:00:00]} 33. Qf7+ {[%emt 0:00:00]} Kh8 {[%emt 0:00:00]} 34. Qf3 {[%emt 0:00:00]} Kg8 {[%emt 0:00:00]} 35. Kh2 {[%emt 0:00:00]} Rc8 {[%emt 0:00:00]} 36. Qf7+ {[%emt 0:00:00]} Kh8 {[%emt 0:00:00]} 37. Rf3 {[%emt 0:00:00]} Qxe4 {[%emt 0:00:00]} 38. Rg3 {[%emt 0:00:00]} Rg8 {[%emt 0:00:00]} 39. Qxe6 {[%emt 0:00:00]} Qf4 {[%emt 0:00:00]} 40. Qg4 {[%emt 0:00:00]} Qxg4 {[%emt 0:00:00]} 41. Rxg4 {[%emt 0:25:56]} Rc8 {[%emt 0:15:14]} 42. c4 {[%emt 0:00:30]} Kg8 {[%emt 0:00:30]} 43. Kg3 {[%emt 0:00:30]} Kf7 {[%emt 0:00:30]} 44. Kf3 {[%emt 0:00:30]} 1/2-1/2

[Event "WYCC U14 Girls 2019"]
[Site "Mumbai"]
[Date "2019.10.09"]
[Round "8.7"]
[White "Poliakova, Varvara"]
[Black "Cai, Boheng"]
[Result "1-0"]
[WhiteElo "2042"]
[BlackElo "1853"]
[Annotator "NA"]
[PlyCount "71"]
[EventDate "2019.10.02"]
[EventType "swiss"]
[EventCountry "IND"]
[SourceTitle "playchess.com"]
[Source "ChessBase"]
[SourceQuality "1"]
[TimeControl "40/5400+30:1800+30"]

1. e4 c6 2. d4 d5 3. Nd2 dxe4 4. Nxe4 Bf5 5. Ng3 Bg6 6. f4 e6 7. Nf3 Nd7 8. Bd3 Ngf6 {B18: Classical Caro-Kann: 4...Bf5 sidelines} (8... Qc7 9. O-O Bxd3 10. Qxd3 O-O-O 11. Qe2 Nh6 12. Kh1 Nf5 13. Ne4 Nf6 14. c3 c5 15. Bd2 Nxe4 16. Qxe4 {1-0 (30) Yilmazyerli,M (2442)-Baglan,E (2343) Kemer 2018}) 9. f5 exf5 10. O-O Be7 11. Nxf5 Bxf5 12. Bxf5 O-O 13. c3 $146 ({Predecessor:} 13. c4 Qc7 14. b3 Rad8 15. Bb2 Rfe8 16. Qc2 {0-1 (52) Lugasi,Z (2150)-Csiszar,Z (2251) Hungary 2012}) 13... Qc7 14. Qc2 c5 15. Kh1 Bd6 16. Ng5 g6 17. Bxd7 Nxd7 18. Qf2 Be7 19. Nxf7 Bf6 20. Bf4 Qc6 21. Nh6+ Kh8 22. d5 Qa6 23. Rae1 Bg5 24. Bxg5 Rxf2 25. Rxf2 Qc4 26. Re7 $18 Qxa2 27. Kg1 Qxd5 28. Rxd7 Qxd7 29. Bf6+ Qg7 30. Nf7+ Kg8 31. Bxg7 Kxg7 32. Ng5 b6 33. Rf7+ Kg8 34. Rxh7 Rd8 35. Rh8+ Kxh8 36. Nf7+ 1-0

[Event "WYCC U14 Girls 2019"]
[Site "Mumbai"]
[Date "2019.10.09"]
[Round "8.8"]
[White "Renganayaki V"]
[Black "Kamalidenova, Meruert"]
[Result "0-1"]
[WhiteElo "1641"]
[BlackElo "2025"]
[Annotator "NA RC"]
[PlyCount "74"]
[EventDate "2019.10.02"]
[EventType "swiss"]
[EventCountry "IND"]
[SourceTitle "playchess.com"]
[Source "ChessBase"]
[SourceQuality "1"]
[TimeControl "40/5400+30:1800+30"]

1. d4 {[%emt 0:00:00]} Nf6 {[%emt 0:00:00]} 2. c4 {[%emt 0:00:01]} g6 {[%emt 0:00:00]} 3. Nc3 {[%emt 0:00:04]} Bg7 {[%emt 0:00:00]} 4. e4 {[%emt 0:00:27]} d6 {[%emt 0:00:07]} 5. Be2 {[%emt 0:00:03]} O-O {[%emt 0:00:18]} 6. Be3 {[%emt 0:00:03]} c5 {[%emt 0:02:16]} 7. d5 {[%emt 0:00:12]} e6 {[%emt 0:02:18]} 8. h3 {[%emt 0:01:14] E73: King's Indian: Averbakh Variation without 6...c5} (8. Nf3 exd5 9. cxd5 Re8 10. Nd2 c4 11. O-O Na6 12. Bf3 b6 13. Re1 Nc5 14. Bxc5 bxc5 15. e5 Rxe5 16. Rxe5 dxe5 17. Nxc4 {½-½ (23) Howell,D (2687)-Jones,G (2670) Hull 2018}) 8... exd5 {[%emt 0:00:59]} 9. exd5 {[%emt 0:00:44]} Qa5 {[%emt 0:03:36]} 10. Bd2 {[%emt 0:01:05]} Re8 $146 {[%emt 0:03:07]} ({Predecessor:} 10... Qd8 11. Bd3 Na6 12. a3 Nc7 13. a4 Na6 14. Nge2 Nd7 15. f4 Nb4 16. Bb1 {0-1 (39) Sapis,W (2429)-Kaminski,M (2523) Koszalin 1999}) 11. Nf3 {[%emt 0:00:20]} Bf5 {[%emt 0:04:03]} 12. O-O {[%emt 0:00:30]} Qb6 {[%emt 0:02:32]} 13. Nh4 {[%emt 0:05:59]} Bc8 {[%emt 0:05:28]} 14. Qc2 {[%emt 0:08:13]} Nfd7 {[%emt 0:03:54]} 15. f4 {[%emt 0:04:30]} Na6 {[%emt 0:04:04]} (15... Qd8 $16 16. Nf3 b5) 16. Kh1 {[%emt 0:08:25]} Qd8 {[%emt 0:03:21]} 17. Nf3 {[%emt 0:01:03]} Nf6 {[%emt 0:00:21]} 18. a3 {[%emt 0:00:35]} Nh5 {[%emt 0:02:12]} 19. Rf2 {[%emt 0:12:33]} Bd4 {[%emt 0:05:10]} 20. Nxd4 {[%emt 0:16:00]} cxd4 {[%emt 0:00:29]} 21. Ne4 $2 {[%emt 0:06:24]} (21. Bxh5 $1 $11 Qh4 22. g3 Qxg3 23. Ne4 (23. Rf3 $2 Qh4 $19)) 21... Bf5 {[%emt 0:00:47]} 22. Bxh5 {[%emt 0:04:47]} Bxe4 {[%emt 0:00:18]} 23. Qd1 {[%emt 0:00:11]} Qh4 {[%emt 0:01:13]} 24. Kg1 {[%emt 0:03:38]} (24. Be1 {is the only way for White.} Qxh3+ 25. Kg1 Qxh5 26. Qxd4) 24... Qxh5 {[%emt 0:00:30]} ({Don't take} 24... gxh5 25. b4 $19) 25. Qf1 $19 {[%emt 0:00:21]} Nc5 {[%emt 0:00:48]} 26. Bb4 {[%emt 0:00:52]} Bd3 {[%emt 0:01:40]} 27. Qd1 {[%emt 0:00:47]} Qxd1+ {[%emt 0:00:29]} 28. Rxd1 {[%emt 0:00:02]} Bxc4 {[%emt 0:00:17]} 29. Rxd4 {[%emt 0:00:06]} b5 {[%emt 0:00:22]} 30. f5 {[%emt 0:00:13]} Nd3 {[%emt 0:00:57]} 31. Rf3 {[%emt 0:00:12]} Nxb4 {[%emt 0:00:14]} 32. axb4 {[%emt 0:00:01]} Re5 {[%emt 0:00:32]} 33. fxg6 {[%emt 0:00:05]} hxg6 {[%emt 0:00:31]} 34. Rf6 {[%emt 0:00:08]} Rd8 {[%emt 0:00:41]} 35. Rf3 {[%emt 0:00:18]} Rxd5 {[%emt 0:00:16]} 36. Rxd5 {[%emt 0:00:12]} Bxd5 {[%emt 0:00:06]} 37. Ra3 {[%emt 0:00:14]} Rd7 {[%emt 0:00:30]} 0-1

[Event "WYCC U14 Girls 2019"]
[Site "Mumbai"]
[Date "2019.10.09"]
[Round "8.9"]
[White "Wikar, Martyna"]
[Black "Meiyappan, Annapoorni"]
[Result "1-0"]
[WhiteElo "1969"]
[BlackElo "1818"]
[Annotator "NA"]
[PlyCount "71"]
[EventDate "2019.10.02"]
[EventType "swiss"]
[EventCountry "IND"]
[SourceTitle "playchess.com"]
[Source "ChessBase"]
[SourceQuality "1"]
[TimeControl "40/5400+30:1800+30"]

1. Nf3 {[%emt 0:00:00]} d5 {[%emt 0:00:14]} 2. g3 {[%emt 0:00:00]} Nf6 {[%emt 0:00:13]} 3. Bg2 {[%emt 0:00:00]} c5 {[%emt 0:00:48]} 4. O-O {[%emt 0:00:22]} Nc6 {[%emt 0:00:42]} 5. d3 {[%emt 0:00:26]} e5 {[%emt 0:01:16]} 6. Nbd2 {[%emt 0:00:55]} Be7 {[%emt 0:02:46]} 7. e4 {[%emt 0:00:30]} d4 {[%emt 0:02:57]} 8. Nc4 {[%emt 0:01:00]} Qc7 {[%emt 0:00:43]} 9. a4 {[%emt 0:00:35]} Be6 {[%emt 0:01:12] A08: King's Indian Attack} (9... O-O 10. Nh4 g6 11. f4 exf4 12. Bxf4 Qd8 13. Nf3 Be6 14. b3 Ng4 15. Qd2 Bxc4 16. bxc4 Bd6 17. e5 Bb8 18. Qc1 Bc7 19. Qd2 Bb8 20. Qc1 Bc7 21. Qd2 Bb8 22. Qc1 {½-½ (22) Maghsoodloo,P (2638)-Gukesh,D (2431) Voronezh 2018}) 10. b3 {[%emt 0:00:49]} O-O {[%emt 0:06:26]} 11. Ne1 {[%emt 0:01:53]} Bxc4 $146 {[%emt 0:02:24]} ({Predecessor:} 11... a6 12. f4 b5 13. Nxe5 Nxe5 14. fxe5 Nd7 15. Nf3 Bg4 16. Qe1 Bxf3 17. Bxf3 Nxe5 {½-½ (27) Sollars,R (1538)-Capuzzi,G (1820) ICCF email 2013}) 12. bxc4 {[%emt 0:01:50]} Qd7 {[%emt 0:03:05]} 13. h3 {[%emt 0:02:02]} Bd8 {[%emt 0:01:57]} 14. f4 {[%emt 0:01:42]} Ba5 {[%emt 0:01:02]} 15. Nf3 {[%emt 0:04:57]} Bc3 {[%emt 0:02:55]} 16. Ra3 {[%emt 0:01:01]} Qc7 {[%emt 0:09:02]} 17. Rb3 {[%emt 0:05:52]} Rfe8 {[%emt 0:06:27]} 18. fxe5 {[%emt 0:02:19]} Nxe5 {[%emt 0:00:39]} 19. Nxe5 {[%emt 0:00:41]} Qxe5 {[%emt 0:00:22]} 20. Bf4 {[%emt 0:00:53]} Qh5 {[%emt 0:09:14]} 21. g4 {[%emt 0:02:42]} Qh4 {[%emt 0:06:54]} 22. Rxb7 {[%emt 0:01:06]} Rad8 {[%emt 0:06:53]} 23. Rxa7 {[%emt 0:01:59]} h6 {[%emt 0:06:59]} 24. Qf3 {[%emt 0:01:59]} Rf8 {[%emt 0:01:55]} 25. a5 {[%emt 0:02:54]} Nh7 {[%emt 0:04:11]} 26. Qg3 {[%emt 0:04:35]} Qxg3 {[%emt 0:01:22]} 27. Bxg3 $18 {[%emt 0:00:02]} f6 {[%emt 0:06:35]} 28. e5 {[%emt 0:00:42]} fxe5 {[%emt 0:01:42]} 29. Rxf8+ {[%emt 0:00:49]} Kxf8 {[%emt 0:04:32]} 30. Bxe5 {[%emt 0:00:44]} Nf6 {[%emt 0:00:52]} 31. Bxf6 {[%emt 0:01:58]} gxf6 {[%emt 0:00:10]} 32. Bd5 {[%emt 0:00:43]} Rb8 {[%emt 0:01:07]} 33. a6 {[%emt 0:00:18]} Rb1+ {[%emt 0:01:09]} 34. Kg2 {[%emt 0:00:16]} Rb2 {[%emt 0:01:48]} 35. Rf7+ {[%emt 0:01:00]} Ke8 {[%emt 0:00:27]} 36. a7 1-0